How to build social science theories / (Record no. 6379)

MARC details
000 -LEADER
fixed length control field 01732cam a2200265 4500
001 - CONTROL NUMBER
control field 7462
005 - DATE AND TIME OF LATEST TRANSACTION
control field 20181127183704.0
008 - FIXED-LENGTH DATA ELEMENTS--GENERAL INFORMATION
fixed length control field 030725s2004 caua b 001 0 eng
010 ## - LIBRARY OF CONGRESS CONTROL NUMBER
LC control number 2003016653
020 ## - INTERNATIONAL STANDARD BOOK NUMBER
International Standard Book Number 0761926666
International Standard Book Number 0761926674 (paper)
082 00 - DEWEY DECIMAL CLASSIFICATION NUMBER
Classification number 300/.1
Edition number 22
100 1# - MAIN ENTRY--PERSONAL NAME
Personal name Shoemaker, Pamela J.
245 10 - TITLE STATEMENT
Title How to build social science theories /
Statement of responsibility, etc. Pamela J. Shoemaker, James William Tankard, Jr., Dominic L. Lasorsa.
260 ## - PUBLICATION, DISTRIBUTION, ETC.
Place of publication, distribution, etc. Thousand Oaks, CA :
Name of publisher, distributor, etc. Sage,
Date of publication, distribution, etc. c2004.
300 ## - PHYSICAL DESCRIPTION
Extent xvi, 222 p. :
Other physical details ill. ;
Dimensions 24 cm.
504 ## - BIBLIOGRAPHY, ETC. NOTE
Bibliography, etc. note Includes bibliographical references and index.
505 ## - FORMATTED CONTENTS NOTE
Formatted contents note PrefaceForeword - Jerald Hage1. Introduction: The Nature of Science2. Theoretical Concepts: The Building Blocks of Theory3. Theoretical Statements Relating Two Variables4. Theoretical and Operational Linkages5. Theoretical Statements Relating Three Variables6. Theoretical Statements Relating Four or More Variables7. Theoretical Models8. Creativity and Theory Building9. Using and Evaluating TheoryAppendix A: Guidelines for Preparing Tables and FiguresAppendix B: Acceptable Levels of Measurement for Various StatisticsReferencesIndexAbout the Authors
Miscellaneous information
Statement of responsibility
Title
520 ## - SUMMARY, ETC.
Summary, etc. Three specialists in social science methodology (Syracuse U. and U. of Texas-Austin) discuss how new theories originate and how they are elaborated, from their most basic conceptual building blocks through multivariable theoretical statements, models, the role of creativity in theory building, and how they are used and evaluated.
650 #0 - SUBJECT ADDED ENTRY--TOPICAL TERM
Topical term or geographic name entry element Social sciences
General subdivision Methodology.
Topical term or geographic name entry element Sociology
General subdivision Methodology.
700 1# - ADDED ENTRY--PERSONAL NAME
Personal name Lasorsa, Dominic L.
Personal name Tankard, James W.
Holdings
Withdrawn status Lost status Source of classification or shelving scheme Damaged status Not for loan Collection code Home library Current library Shelving location Serial Enumeration / chronology Inventory number Total Checkouts Full call number Barcode Date last seen Price effective from Koha item type
    Dewey Decimal Classification     Main TEST RTC Library RTC Library Main opac 11419   300 SHO 30011852 27/11/2018 27/11/2018 Main
Royal Thimphu College || All Right Reserved